| LEADER 00000nam 2200000uu 4500 |
| 001 209137 |
| 003 ULIBM |
| 008 131030s2553||||th 000 0 tha d |
| 020 ^a9786161100117
|
| 041 0 ^atha
|
| 060 4 ^aWM274 ม453 2553
|
| 100 0 ^aมานิต ศรีสุรภานนท์
|
| 245 00 ^aการทบทวนองค์ความรู้ เรื่อง การใช้ยาในการบำบัดรักษาผู้ติดสุรา = Review of drug treatment for people with alcoholism./^bเรียบเรียงโดยมานิต ศรีสุรภานนท์.
|
| 246 0 ^aReview of drug treatment for people with alcoholism.
|
| 250 ^aพิมพ์ครั้งที่ 4
|
| 260 ^aเชียงใหม่ : ^bแผนงานการพัฒนาระบบ รูปแบบ และวิธีการบำบัดรักษาผู้มีปัญหาการบริโภคสุราแบบบูรณาการ (ผรส.),^c2553.
|
| 300 ^a28 หน้า
|
| 650 4 ^aพิษสุราเรื้อรัง ^xการรักษาด้วยยา
|
| 650 4 ^aคนดื่มสุรา ^xการรักษาด้วยยา
|
| 710 2 ^aแผนงานการพัฒนาระบบ รูปแบบ และวิธีการบำบัดรักษาผู้มีปัญหาการบริโภคสุราแบบบูรณาการ (ผรส.)
|
| 710 2 ^aสำนักงานกองทุนสนับสนุนการสร้างเสริมสุขภาพ (สสส.)
|
| 710 2 ^aกระทรวงสาธารณสุข กรมสุขภาพจิต.
|
| 999 ^aใช้งานได้ทุกระบบ
|